<?xml version="1.0" encoding="UTF-8"?><?xml-stylesheet type="text/xsl" href="static/style.xsl"?><OAI-PMH xmlns="http://www.openarchives.org/OAI/2.0/" xmlns:xsi="http://www.w3.org/2001/XMLSchema-instance" xsi:schemaLocation="http://www.openarchives.org/OAI/2.0/ http://www.openarchives.org/OAI/2.0/OAI-PMH.xsd"><responseDate>2026-04-27T08:20:44Z</responseDate><request verb="GetRecord" identifier="oai:uvadoc.uva.es:10324/55965" metadataPrefix="marc">https://uvadoc.uva.es/oai/request</request><GetRecord><record><header><identifier>oai:uvadoc.uva.es:10324/55965</identifier><datestamp>2025-09-01T20:02:43Z</datestamp><setSpec>com_10324_38</setSpec><setSpec>col_10324_787</setSpec></header><metadata><record xmlns="http://www.loc.gov/MARC21/slim" xmlns:doc="http://www.lyncode.com/xoai" xmlns:xsi="http://www.w3.org/2001/XMLSchema-instance" xmlns:dcterms="http://purl.org/dc/terms/" xsi:schemaLocation="http://www.loc.gov/MARC21/slim http://www.loc.gov/standards/marcxml/schema/MARC21slim.xsd">
<leader>00925njm 22002777a 4500</leader>
<datafield tag="042" ind1=" " ind2=" ">
<subfield code="a">dc</subfield>
</datafield>
<datafield tag="720" ind1=" " ind2=" ">
<subfield code="a">Martínez Velaz, Óscar</subfield>
<subfield code="e">author</subfield>
</datafield>
<datafield tag="260" ind1=" " ind2=" ">
<subfield code="c">2022</subfield>
</datafield>
<datafield tag="520" ind1=" " ind2=" ">
<subfield code="a">La producción de cerveza artesanal ha crecido mucho en los últimos tiempos, aunque se mantiene por debajo de la producción de cerveza industrial. El desperdicio de pan es un problema que hay que mitigar y debido a ello, se ha llevado a cabo este estudio en el que se ha decidido realizar la sustitución amilácea de malta al 50% por pan integral en distintos estilos de cerveza. Se ha elegido el pan integral al tener un mayor aporte de fibra que el pan blanco además de un mayor poder saciante siendo de digestión más&#xd;
sencilla. Las cervezas elaboradas han sido tres, American Lager, American IPA (India Pale Ale) y Weissbier (trigo). Tras el análisis de las cervezas, se concluye que con el pan se elabora un producto fisicoquímicamente similar, pero con algunas características diferentes como son la mayor capacidad antioxidante, de proteínas y de Polifenoles Totales que pueden ser útiles para la industria y que deben ser analizadas.</subfield>
</datafield>
<datafield tag="024" ind2=" " ind1="8">
<subfield code="a">https://uvadoc.uva.es/handle/10324/55965</subfield>
</datafield>
<datafield tag="245" ind1="0" ind2="0">
<subfield code="a">Estudio de elaboración y análisis comparativo de cervezas elaboradas con pan integral como adjunto en diversos estilos cerveceros</subfield>
</datafield>
</record></metadata></record></GetRecord></OAI-PMH>